Code Dependent (Record no. 41520)
[ view plain ]
| 000 -LEADER | |
|---|---|
| fixed length control field | 00471nam a22001697a 4500 |
| 005 - DATE AND TIME OF LATEST TRANSACTION | |
| control field | 20240829110713.0 |
| 008 - FIXED-LENGTH DATA ELEMENTS--GENERAL INFORMATION | |
| fixed length control field | 240829b |||||||| |||| 00| 0 eng d |
| 020 ## - INTERNATIONAL STANDARD BOOK NUMBER | |
| International Standard Book Number | 9788119300808 |
| 041 ## - LANGUAGE CODE | |
| Language code of text/sound track or separate title | ENGLISH |
| 082 ## - DEWEY DECIMAL CLASSIFICATION NUMBER | |
| Classification number | 303.48 MUR |
| Item number | 33562 |
| 100 ## - MAIN ENTRY--PERSONAL NAME | |
| Author | Madhumita Murgia |
| 245 ## - TITLE STATEMENT | |
| Title | Code Dependent |
| Remainder of title | Living in the Shadow of AI |
| 250 ## - EDITION STATEMENT | |
| Edition statement | FIRST EDITION |
| 260 ## - PUBLICATION, DISTRIBUTION, ETC. | |
| Place | United Kingdom |
| Publisher | Pan Macmillan Publishing India Pvt. Ltd. |
| Publication Year | 2024 |
| 365 ## - TRADE PRICE | |
| Price amount | 454 |
| Currency code | Rs. |
| 942 ## - ADDED ENTRY ELEMENTS (KOHA) | |
| Koha item type | Books |
No items available.